Normal view
MARC view
- Muhammad Saeed
Entry Personal Name
001 - CONTROL NUMBER
- control field: 27506
003 - CONTROL NUMBER IDENTIFIER
- control field: NUST
005 - DATE AND TIME OF LATEST TRANSACTION
- control field: 20200113125356.0
008 - FIXED-LENGTH DATA ELEMENTS
- fixed length control field: 200113|| aca||aabn | a|a d
040 ## - CATALOGING SOURCE
- Original cataloging agency: NUST
- Transcribing agency: NUST
100 ## - HEADING--PERSONAL NAME
- Personal name: Muhammad Saeed
670 ## - SOURCE DATA FOUND
- Source citation: Work cat.: (NUST): Muhammad Saeed, Elucidating the Biological Activity of Salvadora Persica and Salvadora Oleoides by Exploiting In Silico and Wet Lab Approaches /, 2015.
